000 01220nam a22003497a 4500
003 CHAP
005 20220329143305.0
008 080221d2001 es r 00110 spa d
010 _a94480
011 _a95452
020 _a8484760049
035 _a106078
040 _cCHAP
082 0 0 _a631.544
_bD5
100 1 _aDíaz Serrano, Teresa.
_933642
245 1 4 _aLos filmes plásticos en la producción agrícola
_c/por Teresa Diaz Serrano
260 _aMadrid. :
_bMundi-Prensa,
_c2001
300 _a320 p. :
_bilus. ; gràfs. ; cuadros ; mapas
590 _aBATCH-UPD
_b10
_c20130110
_lUCH01
_h0535
590 _aBATCH-UPD
_b10
_c20130410
_lUCH01
_h0215
590 _aBATCH-UPD
_b10
_c20130913
_lUCH01
_h1915
590 _aCONVERSION
_b10
_c20130109
_lUCH01
_h1352
650 0 4 _aPolímeros y polimerización.
_990281
650 1 4 _aAcolchado de suelos.
_9623
650 1 4 _aCultivos en invernadero.
_930376
650 1 4 _aPlásticos en agricultura.
_989199
650 1 4 _aTúneles.
_9114374
901 _aBK
942 _cLIBRO
949 _a631.544 D5
_bBC
_cLIBRO
_d33724002045967
_eLIBRO
_fc.2
_gI.c/e
_h108992
_i106078
_so
_t$734.00
949 _a631.544 D5
_bBC
_cLIBRO
_d33724002045975
_eLIBRO
_gI.c/e
_h108991
_i106078
_si
_t$734.00
999 _c94480
_d94480